Latinská Amerika vo svetovom hospodárstve: Rola integračných zoskupení na príklade Andského spoločenstva národov diplomová práca

Guardado en:
Detalles Bibliográficos
Autor principal: Petrušková, Jana
Autor Corporativo: Fakulta medzinárodných vzťahov EU. Katedra medzinárodných ekonomických vzťahov a hospodárskej diplomacie
Otros Autores: Csabay, Marek
Formato: Libro
Lenguaje:eslovaco
Publicado: Bratislava 2008
Etiquetas: Agregar Etiqueta
Sin Etiquetas, Sea el primero en etiquetar este registro!

MARC

LEADER 00000nam$a2200000$$$4500
001 0076021
005 20240201115446.8
041 0 |a slo 
044 |a SK 
245 1 0 |a Latinská Amerika vo svetovom hospodárstve: Rola integračných zoskupení na príklade Andského spoločenstva národov  |b diplomová práca  |c Jana Petrušková ; škol. Marek Csabay 
264 1 |a Bratislava  |c 2008 
300 |a 63 s. 
100 1 |a Petrušková, Jana 
700 1 |a Csabay, Marek 
710 2 |a Fakulta medzinárodných vzťahov EU. Katedra medzinárodných ekonomických vzťahov a hospodárskej diplomacie